000 00885nas a2200265 4500
001 BR2018000165
003 BR-BrBNA
005 20231205131216.0
007 ta
008 230509b bl.|||p| |||| 00| 00por d
040 _aBR-BrBNA
_bpor
_cBiblioteca Nacional de Agricultura
041 _a(En)
072 _aP40
100 1 _aSilva Neto, V.L.
100 1 _aViola, M.R.
245 1 _aHeavy rainfall equations for the "Manuel Alves da Natividade" river watershed, Tocantins, Brazil
650 _aHIDROLOGIA
650 _aCLIMATOLOGIA
650 _aMODELO MATEMÁTICO
650 _aTOCANTINS
773 0 _tCientífica. Revista de Ciências Agrárias (Brazil)
_xISSN 1984-5529
_g(2017), v. 45(4) p. 333-339
_wBR2018000165
856 4 0 _uhttp://cientifica.org.br/index.php/cientifica/article/view/1000/618
909 _a202311
_bLúcia
_c55
_dLúcia Elande
942 _2AGRIS
_n0
_cANA
999 _c253581
_d253581